| 000 | 00726nam a22002057a 4500 | ||
|---|---|---|---|
| 005 | 20161116155138.0 | ||
| 010 | _aENG-116559 | ||
| 020 |
_a9789383649884 _c1080.00 |
||
| 035 | _aEN-100091 | ||
| 037 | _bDBAD/PUB | ||
| 082 | _a333.79240954 | ||
| 100 | _aMishra,Sitakanta | ||
| 245 |
_aDefance beyond design : _bcontours of India;s nuclear safety & security / _cby Sitakanta Mishra ; introduction by Vinod Pandey |
||
| 260 |
_aNew Delhi _bKW Publishers _c2016 |
||
| 270 |
_a14th floor, building no 10, tower-B, DLF cyber city, Phase-II, _bGurgaon (Haryana) _e122002 |
||
| 300 |
_axix,307p.: _c24cm(Hb) _bill |
||
| 500 | _aIncluded index | ||
| 700 | _aPandey,Vinod | ||
| 942 |
_2ddc _cEN _h333.79240954 _mMIS |
||
| 999 |
_c104651 _d104651 |
||